Statistics for Sports Teams in Los Angeles

Click here to take the quiz!

General Stats

  • This quiz has been taken 92 times
    (59 since last reset)
  • The average score is 7 of 7

Answer Stats

HintAnswer% Correct
NBALakers
100%
NFLChargers
98%
NBAClippers
98%
NFLRams
98%
MLBDodgers
96%
NHLKIngs
88%
MLSGalaxy
78%

Score Distribution

Percentile by Number Answered

Percent of People with Each Score

Your Score History

You have not taken this quiz since the last reset